Desde el jardín de Freud : (Registro nro. 7478)
[ vista simple ]
| 000 -LEADER | |
|---|---|
| fixed length control field | 00769cas a2200241 a 4500 |
| 003 - CONTROL NUMBER IDENTIFIER | |
| control field | OSt |
| 005 - DATE AND TIME OF LATEST TRANSACTION | |
| control field | 20210306183127.0 |
| 008 - FIXED-LENGTH DATA ELEMENTS--GENERAL INFORMATION | |
| fixed length control field | 051020c20019999ck arzp rnn 0 a0spa d |
| 022 ## - INTERNATIONAL STANDARD SERIAL NUMBER | |
| International Standard Serial Number | 1657-3986 |
| 040 ## - CATALOGING SOURCE | |
| Original cataloging agency | CO-JMCR |
| Transcribing agency | CO-JMCR |
| 041 0# - LANGUAGE CODE | |
| Language code of text/sound track or separate title | spa |
| Language code of summary or abstract | eng |
| 082 04 - DEWEY DECIMAL CLASSIFICATION NUMBER | |
| Classification number | 150.1952 / |
| Item number | D449d |
| Edition number | 21 |
| 245 00 - TITLE STATEMENT | |
| Title | Desde el jardín de Freud : |
| Remainder of title | revista de psicoanálisis / |
| Statement of responsibility, etc. | Universidad Nacional de Colombia |
| 260 ## - PUBLICATION, DISTRIBUTION, ETC. | |
| Place of publication, distribution, etc. | Bogotá : |
| Name of publisher, distributor, etc. | Universidad Nacional de Colombia, |
| Date of publication, distribution, etc. | 2001- |
| 300 ## - PHYSICAL DESCRIPTION | |
| Extent | v. ; |
| Dimensions | 22 cm |
| 310 ## - CURRENT PUBLICATION FREQUENCY | |
| Current publication frequency | Anual, |
| Date of current publication frequency | 2001- |
| 362 0# - DATES OF PUBLICATION AND/OR SEQUENTIAL DESIGNATION | |
| Dates of publication and/or sequential designation | No. 3 (2003)- |
| 500 ## - GENERAL NOTE | |
| General note | Descripción basada en: No. 3 (2003). |
| 600 14 - SUBJECT ADDED ENTRY--PERSONAL NAME | |
| Personal name | Freud, Sigmund |
| Dates associated with a name | 1856-1939 |
| General subdivision | Crítica e Interpretación |
| 9 (RLIN) | 14492 |
| 650 24 - SUBJECT ADDED ENTRY--TOPICAL TERM | |
| Topical term or geographic name entry element | Psicoanálisis |
| 9 (RLIN) | 1281 |
| 650 24 - SUBJECT ADDED ENTRY--TOPICAL TERM | |
| Topical term or geographic name entry element | Psicología |
| 9 (RLIN) | 14493 |
| 942 ## - ADDED ENTRY ELEMENTS (KOHA) | |
| Source of classification or shelving scheme | Dewey Decimal Classification |
| Koha item type | Continuing Resources |
| Withdrawn status | Lost status | Source of classification or shelving scheme | Damaged status | Not for loan | Home library | Current library | Date acquired | Source of acquisition | Total Checkouts | Full call number | Barcode | Date last seen | Date last checked out | Copy number | Price effective from | Koha item type |
|---|---|---|---|---|---|---|---|---|---|---|---|---|---|---|---|---|
| Dewey Decimal Classification | Biblioteca Pública José María del Castillo y Rada | Biblioteca Pública José María del Castillo y Rada | 03/06/2021 | Canje | 2 | 150.1952 / D449d | 201809280 | 04/30/2025 | 04/29/2025 | V.3 / Ej.1 | 03/06/2021 | Continuing Resources |